| 000 | 01022nam a2200301 4500 | ||
|---|---|---|---|
| 003 | OSt | ||
| 005 | 20260601193528.0 | ||
| 008 | 260505b1991 xxua|||| |||| 00| 0 eng d | ||
| 020 | _a9781878260017 | ||
| 040 |
_aICI _bspa _cICI |
||
| 041 | _aeng | ||
| 050 |
_aBF408 _bC74 |
||
| 100 | 1 |
_aGarcía John, David, _eautor _936064 |
|
| 245 | 1 |
_aCreative transformation : _ba practical guide for maximaizing creativity _cDavid García John |
|
| 264 |
_aEstados Unidos : _bWhitmore Publishing Company , _c1991 |
||
| 300 | _a462 páginas | ||
| 336 |
_atexto _2rdacontent |
||
| 337 |
_asin medio _2rdamedia |
||
| 338 |
_avolumen _2rdacarrier |
||
| 500 | _aGuía práctica para desarrollar y maximizar la creatividad personal y profesional | ||
| 650 |
_aCreatividad _936065 |
||
| 650 |
_aDesarrollo personal _936066 |
||
| 650 |
_aPensamiento creativo _936067 |
||
| 650 |
_aSolución de problemas _936068 |
||
| 650 |
_aAutoactualización (Psicología) _936069 |
||
| 655 |
_2local _aGuías prácticas _936070 |
||
| 942 |
_2lcc _cB _n1 |
||
| 999 |
_c21262 _d21262 |
||